Full Names - African Countries - Statistics

General Stats
  • This quiz has been taken 18 times
  • The average score is 8 of 20
Answer Stats
Hint Answer % Correct
Central African... Republic
80%
...of Mauritania Islamic Republic
60%
...of Egypt Arab Republic
50%
...of Angola Republic
50%
Togolese... Republic
50%
...of Zimbabwe Republic
50%
...of Nigeria Federal Republic
40%
...of Eswatini Kingdom
40%
...of Lesotho Kingdom
40%
...of Morocco Kingdom
40%
...of Botswana Republic
40%
Gabonese... Republic
40%
...of the Sudan Republic
40%
...of Uganda Republic
40%
...of the Comoros Union
40%
...of São Tomé and Príncipe Democratic Republic
30%
...of Eritrea State
30%
...of Libya State
30%
...of Tanzania United Republic
20%
...of Somalia Federal Republic
10%
No matching quizzes found
Score Distribution
Percent of People with Each Score
Percentile by Number Answered
Your Score History
You have not taken this quiz